000 00435nam a2200181Ia 4500
001 21460
005 20260306172921.0
008 260306t2005||||xx |||||||||||||| ||spa||
041 _aESP
082 _a345
_bS24
100 _aSánchez Velarde, Pablo
_eAUT
245 0 _aIntroducción al nuevo proceso penal
260 _c2005
300 _a225 páginas :
_c23 cm.
650 _aGEN
654 _aCDE
942 _cLIB
_dJUS
_fJUS
_2ddc
_n
999 _c21460
_d21460